<?xml version="1.0" encoding="UTF-8"?>
<record
    xmlns:xsi="http://www.w3.org/2001/XMLSchema-instance"
    xsi:schemaLocation="http://www.loc.gov/MARC21/slim http://www.loc.gov/standards/marcxml/schema/MARC21slim.xsd"
    xmlns="http://www.loc.gov/MARC21/slim">

  <leader>00716nam a22002297a 4500</leader>
  <datafield tag="999" ind1=" " ind2=" ">
    <subfield code="c">8118</subfield>
    <subfield code="d">8118</subfield>
  </datafield>
  <controlfield tag="001">21591</controlfield>
  <controlfield tag="003">BD-DhUAP</controlfield>
  <controlfield tag="005">20220621152721.0</controlfield>
  <controlfield tag="008">220621b20062007nyu||||| |||| 001 0 eng d</controlfield>
  <datafield tag="020" ind1=" " ind2=" ">
    <subfield code="a"> 0321236165</subfield>
  </datafield>
  <datafield tag="040" ind1=" " ind2=" ">
    <subfield code="a">BD-DhUAP</subfield>
    <subfield code="b">ENG</subfield>
    <subfield code="c">BD-DhUAP</subfield>
    <subfield code="d">BD-DhUAP</subfield>
    <subfield code="e">BD-DhUAP</subfield>
  </datafield>
  <datafield tag="082" ind1=" " ind2=" ">
    <subfield code="2">23</subfield>
    <subfield code="a">821.7 WOL</subfield>
  </datafield>
  <datafield tag="100" ind1=" " ind2=" ">
    <subfield code="a">Keats, John</subfield>
  </datafield>
  <datafield tag="245" ind1=" " ind2=" ">
    <subfield code="a">John Keats / </subfield>
    <subfield code="c">edited by Susan J. Wolfson.</subfield>
  </datafield>
  <datafield tag="260" ind1=" " ind2=" ">
    <subfield code="a">New York:</subfield>
    <subfield code="b"> Pearson Longman,</subfield>
    <subfield code="c">2007.</subfield>
  </datafield>
  <datafield tag="300" ind1=" " ind2=" ">
    <subfield code="a">xl, 468 p. :</subfield>
    <subfield code="b">ill. ; </subfield>
    <subfield code="c">21 cm.</subfield>
  </datafield>
  <datafield tag="500" ind1=" " ind2=" ">
    <subfield code="a">Selected poems and letters of John Keats.</subfield>
  </datafield>
  <datafield tag="504" ind1=" " ind2=" ">
    <subfield code="a">Includes bibliographical references and index.</subfield>
  </datafield>
  <datafield tag="600" ind1=" " ind2=" ">
    <subfield code="a">Keats, John,</subfield>
    <subfield code="d">1795-1821. </subfield>
    <subfield code="t"> Correspondence. </subfield>
  </datafield>
  <datafield tag="650" ind1=" " ind2=" ">
    <subfield code="a">Correspondence. </subfield>
  </datafield>
  <datafield tag="942" ind1=" " ind2=" ">
    <subfield code="2">ddc</subfield>
    <subfield code="c">BK</subfield>
  </datafield>
  <datafield tag="952" ind1=" " ind2=" ">
    <subfield code="0">0</subfield>
    <subfield code="1">0</subfield>
    <subfield code="2">ddc</subfield>
    <subfield code="4">0</subfield>
    <subfield code="7">0</subfield>
    <subfield code="a">UAPCL</subfield>
    <subfield code="b">UAPCL</subfield>
    <subfield code="c">General Stacks</subfield>
    <subfield code="d">2022-06-21</subfield>
    <subfield code="o">821.7 WOL</subfield>
    <subfield code="p">3010021591</subfield>
    <subfield code="r">2022-06-21</subfield>
    <subfield code="t">1</subfield>
    <subfield code="w">2022-06-21</subfield>
    <subfield code="y">BK</subfield>
  </datafield>
</record>
